000 00507nam a22001817a 4500
999 _c3478
_d3435
008 190619b ||||| |||| 00| e eng d
020 _a9753041349
041 _atur
050 _aPL248.B57
100 _aBirsel, Salâh
_9438
245 _aBir Zavallı Sarı At : 1001 Gece Denemeleri
250 _a2.Basım
260 _aİstanbul:
_bYapı Kredi Yayınları,
_cMart 2004
300 _a174 Sayfa
500 _aDünya Kitapları - 254 Deneme - 14
650 0 _9145
_aTürk Edebiyatı
942 _2lcc
_cBK